| 000 | 00000nam##2200000za#4500 |
| 001 | 9.663825 |
| 003 | CaOODSP |
| 005 | 20210615121234 |
| 007 | ta |
| 008 | 150407|2002||||xxc||||| f|0| 0 eng|d |
| 020 | |a0-662-66629-1 |
| 040 | |aCaOODSP|beng |
| 041 | |aeng |
| 041 | |afre |
| 043 | |an-cn--- |
| 086 | 1 |aC2-598/2001-2 |
| 110 | 1 |aCanada. |bIndustry Canada. |
| 245 | 10|aPatenting of higher life forms and related issues : |bReport to the Government of Canada Biotechnology Ministerial Coordinating Committee |
| 260 | |aOttawa - Ontario : |bIndustry Canada |c2002. |
| 300 | |aEnglish text, xii, 47p. : |breferences, tables ; |c28 cm. |
| 563 | |aSoftcover |
| 590 | |a02-39|b2002-09-27 |
| 690 | 07|aBiotechnology|2gcpds |
| 690 | 07|aGovernment policy|2gcpds |
| 690 | 07|aPatents|2gcpds |
| 776 | 0#|tBrevetabilité des formes de vie supérieures et enjeux connexes : |w(CaOODSP)9.639347 |
| 776 | 0#|tPatenting of higher life forms and related issues : |w(CaOODSP)9.695201 |
| 792 | |tBrevetabilité des formes de vie supérieures et enjeux connexes : |efre|w(CaOODSP)9.663826 |